Survey of construction professional services (Record no. 72138)
[ view plain ]
| 000 -LEADER | |
|---|---|
| fixed length control field | 01074cam a2200205 4500 |
| 001 - CONTROL NUMBER | |
| control field | WB3907-02 |
| 008 - FIXED-LENGTH DATA ELEMENTS--GENERAL INFORMATION | |
| fixed length control field | 030220n2003 000 0 eng u |
| 035 ## - SYSTEM CONTROL NUMBER | |
| System control number | (Sirsi) u121401 |
| 245 ## - TITLE STATEMENT | |
| Title | Survey of construction professional services |
| 260 ## - PUBLICATION, DISTRIBUTION, ETC. | |
| Date of publication, distribution, etc. | 2003 |
| 490 ## - SERIES STATEMENT | |
| Series statement | RICS Quantity Surveying and Construction Faculty News |
| Volume/sequential designation | 14 February 2003, (1) |
| 520 ## - SUMMARY, ETC. | |
| Summary, etc. | The Construction Industry Council (CIC) has launched its second report assessing the size of the UK market for construction professional services (CPS). "Survey of UK construction professional services" highlights the contribution of CPS towards the growth of the UK economy and its position in world construction markets and tracks the industry over the past six years. Summary and full report available at www.cic.org.uk/cps www.rics.org/ricscms/bin/show?class=News&template=/includes/shownews.html&id=4871 |
| 590 ## - LOCAL NOTE (RLIN) | |
| Local note | WB |
| 650 ## - SUBJECT ADDED ENTRY--TOPICAL TERM | |
| Topical term or geographic name entry element | CONSTRUCTION INDUSTRY |
| 650 ## - SUBJECT ADDED ENTRY--TOPICAL TERM | |
| Topical term or geographic name entry element | CONSTRUCTION MARKET |
| 650 ## - SUBJECT ADDED ENTRY--TOPICAL TERM | |
| Topical term or geographic name entry element | FEE INCOME |
| 650 ## - SUBJECT ADDED ENTRY--TOPICAL TERM | |
| Topical term or geographic name entry element | PROFESSIONAL SERVICES |
| 690 ## - LOCAL SUBJECT ADDED ENTRY--TOPICAL TERM (OCLC, RLIN) | |
| Topical term or geographic name as entry element | BUILT ENVIRONMENT |
| 942 ## - ADDED ENTRY ELEMENTS (KOHA) | |
| Suppress in OPAC | 0 |
| Withdrawn status | Lost status | Source of classification or shelving scheme | Damaged status | Not for loan | Home library | Current library | Shelving location | Date acquired | Total Checkouts | Full call number | Barcode | Date last seen | Copy number | Price effective from | Koha item type |
|---|---|---|---|---|---|---|---|---|---|---|---|---|---|---|---|
| Dewey Decimal Classification | London | London | News article | 20/02/2003 | WB3907-02 | 121401-1001 | 06/08/2019 | 1 | 06/08/2019 | News article |